000 00285nam a22001217a 4500
008 170823b xxu||||| |||| 00| 0 eng d
041 _aeng
080 _a51
100 _a38
101 _aMAT
245 _aINTRODUCTION TO TOPOLOGY AND MODERN ANALYSIS
_cSIMMONS,G,.F
942 _2udc
_cBK
999 _c24705
_d24705